MARC details
| 000 -CABECERA |
| campo de control de longitud fija |
01016nam a2200265 u 4500 |
| 005 - FECHA Y HORA DE LA ÚLTIMA TRANSACCIÓN |
| campo de control |
20220815125638.0 |
| 008 - ELEMENTOS DE LONGITUD FIJA--INFORMACIÓN GENERAL |
| campo de control de longitud fija |
191128s2016 mx r 000 0 spa d |
| 020 ## - NÚMERO INTERNACIONAL NORMALIZADO PARA LIBROS |
| Número Internacional Estándar del Libro |
9786078509003 (CMQ) |
| 020 ## - NÚMERO INTERNACIONAL NORMALIZADO PARA LIBROS |
| Número Internacional Estándar del Libro |
9786074955286 (GEM) |
| 035 ## - NÚMERO DE CONTROL DEL SISTEMA |
| Número de control de sistema |
UPN01000234475 |
| 040 ## - FUENTE DE LA CATALOGACIÓN |
| Centro catalogador/agencia de origen |
MX-MxUPN |
| Lengua de catalogación |
spa |
| Centro/agencia transcriptor |
MX-MxUPN |
| 050 ## - SIGNATURA TOPOGRÁFICA DE LA BIBLIOTECA DEL CONGRESO |
| Número de clasificación |
JL1215 1917 |
| Número de documento/Ítem |
C66 2016 |
| 245 03 - MENCIÓN DE TÍTULO |
| Título |
El Congreso Constituyente del Estado Libre y Soberano de México / |
| Mención de responsabilidad, etc. |
Gerald L. McGowan, coordinador. |
| 250 ## - MENCIÓN DE EDICIÓN |
| Mención de edición |
Segunda edición |
| 260 ## - PUBLICACIÓN, DISTRIBUCIÓN, ETC. |
| Lugar de publicación, distribución, etc. |
Zinacantepec, México : |
| Nombre del editor, distribuidor, etc. |
El Colegio Mexiquense : |
| -- |
Gobierno del Estado de México |
| 260 ## - PUBLICACIÓN, DISTRIBUCIÓN, ETC. |
| Lugar de publicación, distribución, etc. |
Toluca de Lerdo, Estado de México : |
| Nombre del editor, distribuidor, etc. |
Fondo Editorial Estado de México, |
| Fecha de publicación, distribución, etc. |
2016. |
| 300 ## - DESCRIPCIÓN FÍSICA |
| Extensión |
880 páginas |
| 490 ## - MENCIÓN DE SERIE |
| Mención de serie |
Colección Identidad, historia |
| 610 10 - ASIENTO SECUNDARIO DE MATERIA - NOMBRE CORPORATIVO |
| Nombre de entidad corporativa o nombre de jurisdicción como elemento de entrada |
Estado de México |
| Unidad subordinada |
Congreso Constituyente, 1917 |
| 9 (RLIN) |
45129 |
| 651 #2 - ASIENTO SECUNDARIO DE MATERIA - NOMBRE GEOGRAFICO |
| Nombre geográfico |
Estado de México |
| Subdivisión general |
Historia |
| Subdivisión de forma |
Fuentes |
| 9 (RLIN) |
22563 |
| 700 1# - ASIENTO SECUNDARIO--NOMBRE DE PERSONAL |
| Nombre de persona |
McGowan, Gerald L., |
| Fechas asociadas al nombre |
1941- |
| Término indicativo de función/relación |
coordinador |
| 9 (RLIN) |
45130 |
| 905 ## - TIPO DE MATERIAL |
| Tipo de material |
Libro |
| 942 ## - ELEMENTOS DE PUNTO DE ACCESO ADICIONAL (KOHA) |
| Suprimir en OPAC |
No |
| Fuente del sistema de clasificación o colocación |
Library of Congress Classification |
| Tipo de ítem Koha |
Libro |